000 00682nam a2200229 a 4500
005 20240925064430.0
008 991125m19831992es 000 0 spa u
020 _a9681505689
035 _aUPN01000049744
049 _aCG
050 4 _aLB775 M3.4
_bC6.8b 1983
100 1 _aMakarenko, Anton Semenovich,
_d1888-1939
245 1 0 _aConferencias sobre educación infantil /
_cA. Makarenko.
250 _a2a ed.
260 _aMéxico :
_bEditores Mexicanos Unidos,
_c1983 (1992 impr.).
300 _a183 p.
440 0 _aAyúdese usted mismo
650 4 _aEducación de niños
_95387
650 4 _aEducación familiar
_97274
650 4 _aPadres e hijos
_91360
905 _aLibro
999 _c49744
_d49744